FIFA World Cup 2026 Squads - Statistics

General Stats
  • This quiz has been taken 20 times
    12 since last reset
  • The average score is 503 of 1295
Answer Stats
Team # Position Club/Country Player % Correct
Morocco 2 RB Paris Saint-Germain Achraf Hakimi
100%
France 14 CM AC Milan Adrien Rabiot
100%
Germany 5 DM Bayern Munich Aleksandar Pavlovic
100%
Sweden 9 ST Liverpool FC Alexander Isak
100%
Norway 7 ST Atlético de Madrid Alexander Sørloth
100%
Argentina 20 CM Liverpool FC Alexis Mac Allister
100%
Brazil 1 GK Liverpool FC Alisson
100%
Ivory Coast 15 RW Manchester United Amad Diallo
100%
Belgium 24 DM Aston Villa Amadou Onana
100%
Croatia 9 AM TSG 1899 Hoffenheim Andrej Kramaric
100%
Scotland 3 LB Liverpool FC Andrew Robertson
100%
Sweden 11 RW Newcastle United Anthony Elanga
100%
England 18 LW Newcastle United Anthony Gordon
100%
Ecuador 8 RW Royal Antwerp FC Anthony Valencia
100%
Ghana 11 RW Manchester City Antoine Semenyo
100%
Mexico 14 ST Deportivo Guadalajara Armando González
100%
France 8 DM Real Madrid Aurélien Tchouaméni
100%
Belgium 6 DM Girona FC Axel Witsel
100%
Senegal 22 CM Bayern Munich Bara Sapoko Ndiaye
100%
Netherlands 1 GK Brighton & Hove Albion Bart Verbruggen
100%
Portugal 10 AM Manchester City Bernardo Silva
100%
France 12 LW Paris Saint-Germain Bradley Barcola
100%
Morocco 10 RW Real Madrid Brahim Díaz
100%
Brazil 14 CB Juventus FC Bremer
100%
Netherlands 19 ST Sunderland AFC Brian Brobbey
100%
Uruguay 18 LW CF América Brian Rodríguez
100%
Portugal 8 AM Manchester United Bruno Fernandes
100%
Brazil 8 CM Newcastle United Bruno Guimarães
100%
England 7 RW Arsenal FC Bukayo Saka
100%
Brazil 5 DM Manchester United Casemiro
100%
Senegal 12 ST Samsunspor Cherif Ndiaye
100%
Netherlands 11 LW Liverpool FC Cody Gakpo
100%
Scotland 21 GK Heart of Midlothian FC Craig Gordon
100%
Panama 6 DM Ironi Kiryat Shmona Cristian Martínez
100%
Portugal 7 ST Al-Nassr FC Cristiano Ronaldo
100%
Argentina 13 CB Tottenham Hotspur Cristian Romero
100%
Colombia 19 ST Real Betis Balompié Cucho Hernández
100%
Japan 15 AM Crystal Palace Daichi Kamada
100%
Cabo Verde 19 ST Casa Pia AC Dailon Livramento
100%
England 15 CB Newcastle United Dan Burn
100%
Colombia 2 RB Crystal Palace Daniel Muñoz
100%
Spain 10 AM FC Barcelona Dani Olmo
100%
Uruguay 9 ST Al-Hilal SFC Darwin Núñez
100%
Austria 8 CB Real Madrid David Alaba
100%
Germany 22 LB RB Leipzig David Raum
100%
Spain 1 GK Arsenal FC David Raya
100%
Colombia 23 CB Galatasaray Davinson Sánchez
100%
France 4 CB Bayern Munich Dayot Upamecano
100%
England 13 GK Crystal Palace Dean Henderson
100%
England 4 CM Arsenal FC Declan Rice
100%
Netherlands 22 RB Inter Milan Denzel Dumfries
100%
France 20 RW Paris Saint-Germain Désiré Doué
100%
Portugal 1 GK FC Porto Diogo Costa
100%
Portugal 5 RB Manchester United Diogo Dalot
100%
England 25 LB Tottenham Hotspur Djed Spence
100%
Croatia 1 GK GNK Dinamo Zagreb Dominik Livakovic
100%
Haiti 25 DM FC Tatran Presov Dominique Simon
100%
Haiti 13 LB Colorado Springs Switchbacks FC Duke Lacroix
100%
England 21 AM Arsenal FC Eberechi Eze
100%
Brazil 23 GK Fenerbahce Ederson
100%
Mexico 4 DM Fenerbahce Edson Álvarez
100%
England 8 CM Nottingham Forest Elliot Anderson
100%
Argentina 23 GK Aston Villa Emiliano Martínez
100%
Uruguay 15 DM Sociedade Esportiva Palmeiras Emiliano Martínez
100%
Brazil 19 ST Olympique Lyon Endrick
100%
Ecuador 13 ST CF Pachuca Enner Valencia
100%
Argentina 24 CM Chelsea FC Enzo Fernández
100%
Spain 4 CB FC Barcelona Eric García
100%
Norway 9 ST Manchester City Erling Haaland
100%
Argentina 14 CM Bayer 04 Leverkusen Exequiel Palacios
100%
England 2 CB Aston Villa Ezri Konsa
100%
Spain 8 CM Paris Saint-Germain Fabián Ruiz
100%
Ecuador 2 CB Sport Club Internacional Félix Torres
100%
Spain 7 ST FC Barcelona Ferran Torres
100%
Germany 17 AM Liverpool FC Florian Wirtz
100%
Netherlands 21 CM FC Barcelona Frenkie de Jong
100%
Brazil 3 CB Arsenal FC Gabriel
100%
Brazil 22 LW Arsenal FC Gabriel Martinelli
100%
Spain 9 CM FC Barcelona Gavi
100%
Mexico 19 AM Club Tijuana Gilberto Mora
100%
Portugal 9 ST Paris Saint-Germain Gonçalo Ramos
100%
Ecuador 22 GK LDU Quito Gonzalo Valle
100%
Ivory Coast 17 RB RC Strasbourg Alsace Guéla Doué
100%
Mexico 22 ST UNAM Pumas Guillermo Martínez
100%
Netherlands 16 AM PSV Eindhoven Guus Til
100%
England 9 ST Bayern Munich Harry Kane
100%
South Korea 11 ST Wolverhampton Wanderers Hee-chan Hwang
100%
South Korea 7 LW Los Angeles FC Heung-min Son
100%
France 15 CB Liverpool FC Ibrahima Konate
100%
Senegal 5 DM Everton FC Idrissa Gueye
100%
Brazil 25 ST Brentford FC Igor Thiago
100%
Senegal 13 RW Everton FC Iliman Ndiaye
100%
Ghana 19 RW Athletic Bilbao Iñaki Williams
100%
South Korea 6 DM Feyenoord Rotterdam In-beom Hwang
100%
Panama 10 LW Club León FC Ismael Díaz
100%
Canada 8 CM US Sassuolo Ismaël Koné
100%
Senegal 18 RW Crystal Palace Ismaïla Sarr
100%
England 22 ST Al-Ahli SFC Ivan Toney
100%
Germany 10 AM Bayern Munich Jamal Musiala
100%
Colombia 10 AM Minnesota United FC James Rodríguez
100%
England 23 GK Manchester City James Trafford
100%
Netherlands 6 CB Brighton & Hove Albion Jan Paul van Hecke
100%
France 22 ST Crystal Palace Jean-Philippe Mateta
100%
Belgium 11 LW Manchester City Jérémy Doku
100%
South Korea 24 CM Jeonbuk Hyundai Motors Jin-gyu Kim
100%
Panama 13 CB Academia Puerto Cabello Jiovany Ramos
100%
Spain 13 GK FC Barcelona Joan García
100%
Portugal 20 RB FC Barcelona João Cancelo
100%
Portugal 15 CM Paris Saint-Germain João Neves
100%
New Zealand 6 DM Viking FK Joe Bell
100%
Scotland 7 CM Aston Villa John McGinn
100%
England 5 CB Manchester City John Stones
100%
Canada 10 ST Juventus FC Jonathan David
100%
Germany 4 CB Bayern Munich Jonathan Tah
100%
England 14 DM Brentford FC Jordan Henderson
100%
England 1 GK Everton FC Jordan Pickford
100%
Ecuador 16 ST CA Huracán Jordy Caicedo
100%
Norway 11 ST Crystal Palace Jørgen Strand Larsen
100%
Mexico 2 RB PAOK Thessaloniki Jorge Sánchez
100%
Netherlands 25 LB Chelsea FC Jorrel Hato
100%
Panama 7 LW FC Juárez José Luis Rodríguez
100%
Uruguay 2 CB Atlético de Madrid José María Giménez
100%
Portugal 12 GK Wolverhampton Wanderers José Sá
100%
Germany 6 DM Bayern Munich Joshua Kimmich
100%
Croatia 4 CB Manchester City Josko Gvardiol
100%
England 10 AM Real Madrid Jude Bellingham
100%
France 5 RB FC Barcelona Jules Koundé
100%
Argentina 9 ST Atlético de Madrid Julián Alvarez
100%
Norway 26 RB Borussia Dortmund Julian Ryerson
100%
Netherlands 2 RB Arsenal FC Jurriën Timber
100%
Netherlands 7 AM AFC Bournemouth Justin Kluivert
100%
Germany 7 ST Arsenal FC Kai Havertz
100%
Belgium 7 AM SSC Napoli Kevin De Bruyne
100%
Ecuador 11 ST Union Saint-Gilloise Kevin Rodríguez
100%
England 16 CM Manchester United Kobbie Mainoo
100%
Austria 20 RB Bayern Munich Konrad Laimer
100%
France 10 ST Real Madrid Kylian Mbappé
100%
Spain 19 RW FC Barcelona Lamine Yamal
100%
Argentina 22 ST Inter Milan Lautaro Martínez
100%
Belgium 10 LW Arsenal FC Leandro Trossard
100%
Argentina 10 RW Inter Miami CF Lionel Messi
100%
Argentina 6 CB Manchester United Lisandro Martínez
100%
Cabo Verde 5 CB Villareal CF Logan Costa
100%
France 3 LB Aston Villa Lucas Digne
100%
France 21 LB Paris Saint-Germain Lucas Hernández
100%
Qatar 3 CB Al-Wakrah SC Lucas Mendes
100%
Colombia 7 LW Bayern Munich Luis Diaz
100%
Colombia 25 ST Sporting CP Luis Suárez
100%
Croatia 10 CM AC Milan Luka Modrić
100%
France 2 RB Chelsea FC Malo Gusto
100%
Senegal 2 CB Chelsea FC Mamadou Sarr
100%
Germany 1 GK Bayern Munich Manuel Neuer
100%
France 6 CM AS Roma Manu Koné
100%
Spain 24 LB Chelsea FC Marc Cucurella
100%
England 6 CB Manchester City Marc Guéhi
100%
France 9 ST Inter Milan Marchus Thuram
100%
Netherlands 23 GK Bayer 04 Leverkusen Mark Flekken
100%
Austria 7 ST Red Star Belgrade Marko Arnautovic
100%
Brazil 4 CB Paris Saint-Germain Marquinhos
100%
Norway 10 AM Arsenal FC Martin Ødegaard
100%
Spain 18 DM Arsenal FC Martin Zubimendi
100%
Croatia 8 CM Manchester City Mateo Kovacic
100%
Brazil 9 LW Manchester United Matheus Cunha
100%
Portugal 6 RB Manchester City Matheus Nunes
100%
France 26 CB Crystal Palace Maxence Lacroix
100%
France 11 RW Bayern Munich Michael Olise
100%
Netherlands 15 CB Tottenham Hotspur Micky van de Ven
100%
Spain 6 CM Arsenal FC Mikel Merino
100%
France 16 GK AC Milan Mike Maignan
100%
South Korea 4 CB Bayern Munich Min-jae Kim
100%
Ivory Coast 16 GK Royal Charleroi SC Mohamed Koné
100%
Egypt 10 RW Liverpool FC Mohamed Salah
100%
Ecuador 23 DM Chelsea FC Moisés Caicedo
100%
South Korea 15 RB Daejeon Hana Citizen Moon-hwan Kim
100%
England 17 AM Aston Villa Morgan Rogers
100%
Argentina 26 RB Atlético de Madrid Nahuel Molina
100%
Netherlands 5 CB Manchester City Nathan Aké
100%
Canada 25 CM RSC Anderlecht Nathan-Dylan Saliba
100%
France 13 DM Fenerbahce N'Golo Kanté
100%
Germany 11 ST Newcastle United Nick Woltemade
100%
Argentina 15 LW Atlético de Madrid Nico González
100%
Senegal 11 ST Bayern Munich Nicolas Jackson
100%
Argentina 19 CB SL Benfica Nicolás Otamendi
100%
Argentina 3 LB Olympique Lyon Nicolás Tagliafico
100%
England 3 LB Manchester City Nico O'Reilly
100%
Argentina 18 AM Como 1907 Nico Paz
100%
Germany 15 CB Borussia Dortmund Nico Schlotterbeck
100%
Spain 17 LW Athletic Bilbao Nico Williams
100%
England 20 RW Arsenal FC Noni Madueke
100%
Morocco 3 RB Manchester United Noussair Mazraoui
100%
Cabo Verde 21 ST Basaksehir FK Nunio Da Costa
100%
Portugal 25 LB Paris Saint-Germain Nuno Mendes
100%
Germany 12 GK TSG 1899 Hoffenheim Oliver Baumann
100%
England 19 ST Aston Villa Ollie Watkins
100%
Egypt 22 ST Manchester City Omar Marmoush
100%
France 7 ST Paris Saint-Germain Ousmane Dembélé
100%
Senegal 26 CM Villareal CF Pape Gueye
100%
Senegal 17 CM Tottenham Hotspur Pape Matar Sarr
100%
Germany 13 CM Brighton & Hove Albion Pascal Gross
100%
Norway 6 DM FK Bodø/Glimt Patrick Berg
100%
Czech Republic 10 ST Bayer 04 Leverkusen Patrik Schick
100%
Spain 22 CB FC Barcelona Pau Cubarsí
100%
Spain 20 CM FC Barcelona Pedri
100%
Portugal 18 RW Chelsea FC Pedro Neto
100%
Spain 12 RB Tottenham Hotspur Pedro Porro
100%
Ecuador 3 CB Arsenal FC Piero Hincapié
100%
Canada 24 ST Union Saint-Gilloise Promise David
100%
Netherlands 26 CM Olympique Marseille Quinten Timber
100%
Portugal 17 LW AC Milan Rafael Leão
100%
Brazil 11 LW FC Barcelona Raphinha
100%
Mexico 9 ST Fulham FC Raúl Jiménez
100%
Brazil 26 RW AFC Bournemouth Rayan
100%
France 24 AM Manchester City Rayan Cherki
100%
England 24 RB Chelsea FC Reece James
100%
Switzerland 13 LB Real Betis Balompié Ricardo Rodriguez
100%
Colombia 6 DM SL Benfica Richard Ríos
100%
Algeria 7 RW Al-Ahli SFC Riyad Mahrez
100%
Paraguay 1 GK Club Cerro Porteño Roberto Fernández
100%
Portugal Manager Spain Roberto Martínez
100%
Spain 16 DM Manchester City Rodri
100%
Argentina 7 CM Inter Miami CF Rodrigo De Paul
100%
Belgium 9 ST SSC Napoli Romelu Lukaku
100%
Netherlands Manager Netherlands Ronald Koeman
100%
South Africa 1 GK Mamelodi Sundowns FC Ronwen Williams
100%
Portugal 3 CB Manchester City Rúben Dias
100%
Portugal 21 DM Al-Hilal SFC Rúben Neves
100%
Belgium Manager France Rudi Garcia
100%
Portugal 22 GK Sporting CP Rui Silva
100%
Netherlands 8 DM Liverpool FC Ryan Gravenberch
100%
Cabo Verde 20 LW Igdir FK Ryan Mendes
100%
Portugal 24 DM RCD Mallorca Samú Costa
100%
Norway 8 DM Fulham FC Sander Berge
100%
Mexico 11 ST AC Milan Santiago Gimenez
100%
Belgium 12 GK Manchester United Senne Lammens
100%
South Korea 1 GK FC Tokyo Seung-gyu Kim
100%
South Korea 5 CB Kashima Antlers Tae-hyeon Kim
100%
Japan 8 RW Real Sociedad Takefusa Kubo
100%
Netherlands 20 DM Juventus FC Teun Koopmeiners
100%
France 19 LB Al-Hilal SFC Theo Hernández
100%
Belgium 1 GK Real Madrid Thibaut Courtois
100%
Netherlands 14 CM Manchester City Tijjani Reijnders
100%
Belgium 21 RB Fulham FC Timothy Castagne
100%
England 12 RB Newcastle United Tino Livramento
100%
Panama 9 ST Deportivo Saprissa Tomás Rodríguez
100%
Czech Republic 22 DM West Ham United Tomáš Souček
100%
Spain 23 GK Athletic Bilbao Unai Simón
100%
Argentina 8 CM RC Strasbourg Alsace Valentín Barco
100%
Spain 25 LW CA Osasuna Víctor Muñoz
100%
Sweden 17 ST Arsenal FC Viktor Gyökeres
100%
Brazil 7 LW Real Madrid Vinicius Junior
100%
Netherlands 4 CB Liverpool FC Virgil van Dijk
100%
Portugal 23 DM Paris Saint-Germain Vitinha
100%
Germany 3 CB Borussia Dortmund Waldemar Anton
100%
Japan 6 DM Liverpool FC Wataru Endo
100%
France 17 CB Arsenal FC William Saliba
100%
Ecuador 6 CB Paris Saint-Germain Willian Pacho
100%
Netherlands 9 ST Ajax Amsterdam Wout Weghorst
100%
Spain 11 RW Crystal Palace Yéremy Pino
100%
Belgium 8 CM Aston Villa Youri Tielemans
100%
Scotland 2 RB Brentford FC Aaron Hickey
80%
Uzbekistan 2 CB Manchester City Abdukodir Khusanov
80%
Spain 3 LB Bayer 04 Leverkusen Alejandro Grimaldo
80%
Germany 21 GK VfB Stuttgart Alexander Nübel
80%
Spain 15 LW Atlético de Madrid Álex Baena
80%
Brazil 6 LB CR Flamengo Alex Sandro
80%
Qatar 19 ST Al-Duhail SC Almoez Ali
80%
Canada 19 LB Bayern Munich Alphonso Davies
80%
Ivory Coast 9 ST Inter Milan Ange-Yoan Bonny
80%
Senegal 24 CB OGC Nice Antoine Mendy
80%
Germany 2 CB Real Madrid Antonio Rüdiger
80%
Japan 7 CM Leeds United Ao Tanaka
80%
Spain 14 CB Athletic Bilbao Aymeric Laporte
80%
Spain 26 ST Celta de Vigo Borja Iglesias
80%
France 1 GK Stade Rennais FC Brice Samba
80%
Brazil Manager Italy Carlo Ancelotti
80%
Morocco 18 CB Crystal Palace Chadi Riad
80%
Belgium 17 AM Atalanta BC Charles De Ketelaere
80%
Scotland 10 ST Torino FC Ché Adams
80%
Cabo Verde 23 GK San Diego FC CJ dos Santos
80%
Netherlands 24 LW West Ham United Crysencio Summerville
80%
Norway 5 LB Wolverhampton Wanderers David Møller Wolfe
80%
Germany 26 ST VfB Stuttgart Deniz Undav
80%
France Manager France Didier Deschamps
80%
Belgium 19 LM RC Strasbourg Alsace Diego Moreira
80%
South Korea 26 AM Ulsan HD FC Dong-gyeong Lee
80%
Netherlands 18 ST AS Roma Donyell Malen
80%
Brazil 16 LB Zenit St. Petersburg Douglas Santos
80%
Croatia 5 CB Real Sociedad Duje Caleta-Car
80%
Bosnia and Herzegovina 11 ST FC Schalke 04 Edin Dzeko
80%
Senegal 16 GK Al-Ahli SFC Edouard Mendy
80%
Sweden 20 CB FC St. Pauli Eric Smith
80%
Brazil 17 DM Al-Ittihad Club Fabinho
80%
Germany 23 CM Borussia Dortmund Felix Nmecha
80%
Portugal 26 RW Juventus FC Francisco Conceição
80%
Argentina 12 GK Olympique Marseille Gerónimo Rulli
80%
South Korea 3 CB Gangwon FC Gi-hyuk Lee
80%
Argentina 17 RW Atlético de Madrid Giuliano Simeone
80%
Portugal 19 LW Real Sociedad Gonçalo Guedes
80%
Portugal 14 CB Sporting CP Gonçalo Inácio
80%
Switzerland 10 DM Sunderland AFC Granit Xhaka
80%
South Korea 2 CB FC Midtjylland Han-beom Lee
80%
Belgium 20 AM Club Brugge KV Hans Vanaken
80%
Japan 21 CB Bayern Munich Hiroki Ito
80%
Iraq 3 RB Pogon Szczecin Hussein Ali
80%
South Korea 21 GK Ulsan HD FC Hyeon-woo Jo
80%
Senegal 20 RW Paris Saint-Germain Ibrahim Mbaye
80%
Croatia 14 LW PSV Eindhoven Ivan Perišić
80%
South Korea 10 AM 1.FSV Mainz 05 Jae-sung Lee
80%
England 26 CB Bayer 04 Leverkusen Jarell Quansah
80%
South Africa 23 CM Mamelodi Sundowns FC Jayden Adams
80%
Colombia 16 DM Crystal Palace Jefferson Lerma
80%
Canada Manager United States Jesse Marsch
80%
Portugal 11 ST Al-Nassr FC João Félix
80%
Ghana 9 ST Leicester City Jordan Ayew
80%
Croatia 2 RB Bayern Munich Josip Stanisic
80%
Germany Manager Germany Julian Nagelsmann
80%
South Korea 17 AM Stoke City Jun-ho Bae
80%
Japan 14 RW KRC Genk Junya Ito
80%
South Korea 18 AM Paris Saint-Germain Kang-in Lee
80%
Curaçao 14 LW Maccabi Haifa Kenji Gorré
80%
Austria 3 CB Tottenham Hotspur Kevin Danso
80%
Argentina 5 DM CA Boca Juniors Leandro Paredes
80%
Argentina 2 CB Olympique Marseille Leonardo Balerdi
80%
Germany 8 CM Bayern Munich Leon Goretzka
80%
Brazil 15 CB CR Flamengo Léo Pereira
80%
Argentina Manager Argentina Lionel Scaloni
80%
Sweden 7 CM Tottenham Hotspur Lucas Bergvall
80%
Spain Manager Spain Luis de la Fuente
80%
Brazil 21 RW Zenit St. Petersburg Luiz Henrique
80%
Croatia 22 CB Hamburger SV Luka Vuskovic
80%
Germany 24 CB Newcastle United Malick Thiaw
80%
Switzerland 5 CB Inter Milan Manuel Akanji
80%
Austria 9 CM Borussia Dortmund Marcel Sabitzer
80%
England 11 LW FC Barcelona Marchus Rashford
80%
Croatia 24 RW Orlando City SC Marco Pašalić
80%
Spain 5 RB Atlético de Madrid Marcos Llorente
80%
Spain 2 CB Atlético de Madrid Marc Pubill
80%
Croatia 15 CM Atalanta BC Mario Pašalić
80%
Netherlands 3 DM Atalanta BC Marten de Roon
80%
Australia 1 GK Levante UD Mathew Ryan
80%
Uruguay 20 LB Sporting CP Maxi Araújo
80%
Iran 9 ST Olympiacos Piraeus Mehdi Taremi
80%
Netherlands 10 ST Sport Club Corinthians Paulista Memphis Depay
80%
Spain 21 ST Real Sociedad Mikel Oyarzabal
80%
Iraq 10 ST Dibba SCC Mohanad Ali
80%
Germany 18 LB Eintracht Frankfurt Nathaniel Brown
80%
Scotland 22 RB Everton FC Nathan Patterson
80%
Morocco 5 CB Olympique Marseille Nayef Aguerd
80%
Portugal 2 RB Fenerbahce Nélson Semedo
80%
Brazil 10 AM Santos FC Neymar
80%
Ivory Coast 19 RW Villareal CF Nicolas Pépé
80%
Norway 1 GK Sevilla FC Ørjan Nyland
80%
Norway 22 RW Fulham FC Oscar Bobb
80%
Ivory Coast 2 CB Sporting CP Ousmane Diomande
80%
Senegal Manager Senegal Pape Thiaw
80%
Senegal 6 CM Rayo Vallecano Pathé Ciss
80%
Ecuador 7 LB AC Milan Pervis Estupiñán
80%
Uruguay 4 CB FC Barcelona Ronald Araujo
80%
Scotland 11 CM AFC Bournemouth Ryan Christie
80%
Senegal 10 LW Al-Nassr FC Sadio Mané
80%
Scotland 4 CM SSC Napoli Scott McTominay
80%
Cabo Verde 22 RB Columbus Crew Steven Moreira
80%
South Korea 13 LB Austria Vienna Tae-seok Lee
80%
Sweden 26 LW Malmö FF Taha Ali
80%
Canada 17 RW Villareal CF Tajon Buchanan
80%
Argentina 16 LW Atlético de Madrid Thiago Almada
80%
Belgium 15 RB LOSC Lille Thomas Meunier
80%
Ghana 5 DM Villareal CF Thomas Partey
80%
England Manager Germany Thomas Tuchel
80%
Portugal 4 CB SL Benfica Tomás Araújo
80%
New Zealand 26 CB Braintree Town Tommy Smith
80%
USA 4 DM AFC Bournemouth Tyler Adams
80%
Sweden 3 CB Aston Villa Victor Lindelöf
80%
Czech Republic 5 RB TSG 1899 Hoffenheim Vladimír Coufal
80%
France 18 CM Paris Saint-Germain Warren Zaïre-Emery
80%
Brazil 2 RB AS Roma Wesley
80%
Cabo Verde 17 LW Omonia Nicosia Willy Semedo
80%
Ivory Coast 11 LW RB Leipzig Yan Diomande
80%
Cabo Verde 16 CM SC Farense Yannick Semedo
80%
Colombia 13 CB Cagliari Calcio Yerry Mina
80%
DR Congo 20 ST Newcastle United Yoane Wissa
80%
DR Congo 2 RB West Ham United Aaron Wan-Bissaka
60%
Morocco 17 LW Real Betis Balompié Abde Ezzalzouli
60%
Qatar 11 LW Al-Sadd SC Akram Afif
60%
Belgium 22 RM AC Milan Alexis Saelemaekers
60%
Canada 2 RB Celtic FC Alistair Johnston
60%
Norway 21 LW SL Benfica Andreas Schjelderup
60%
Colombia 26 LW Clube de Regatas Vasco da Gama Andrés Gómez
60%
Germany 16 DM VfB Stuttgart Angelo Stiller
60%
Croatia 11 ST CA Osasuna Ante Budimir
60%
USA 5 LB Fulham FC Antonee Robinson
60%
Norway 20 LW RB Leipzig Antonio Nusa
60%
Turkey 8 AM Real Madrid Arda Güler
60%
Belgium 3 CB Eintracht Frankfurt Arthur Theate
60%
DR Congo 4 CB Burnley FC Axel Tuanzebe
60%
Ivory Coast 24 LW TSG 1899 Hoffenheim Bazoumana Touré
60%
Scotland 17 RW AFC Bournemouth Ben Gannon-Doak
60%
Morocco 23 AM VfB Stuttgart Bilal El Khannouss
60%
Switzerland 7 ST Stade Rennais FC Breel Embolo
60%
Colombia 12 GK Atlas Guadalajara Camilo Vargas
60%
DR Congo 17 ST Real Betis Balompié Cédric Bakambu
60%
DR Congo 18 DM RCD Espanyol Barcelona Charles Pickel
60%
Morocco 7 RW Sunderland AFC Chemsdine Talbi
60%
USA 3 CB Crystal Palace Chris Richards
60%
USA 10 RW AC Milan Christian Pulisic
60%
New Zealand 9 ST Nottingham Forest Chris Wood
60%
Canada 9 ST Southampton FC Cyle Larin
60%
Japan 11 LW Celtic FC Daizen Maeda
60%
Brazil 13 CB CR Flamengo Danilo
60%
Brazil 18 CM Botafogo de Futebol e Regatas Danilo
60%
Switzerland 11 RW Nottingham Forest Dan Ndoye
60%
Turkey 9 ST FC Porto Deniz Gül
60%
Paraguay 8 CM Brighton & Hove Albion Diego Gómez
60%
Belgium 14 RW SL Benfica Dodi Lukébakio
60%
Senegal 25 LB West Ham United El Hadji Malick Diouf
60%
Tunisia 8 LW Hannover 96 Elias Saad
60%
Ivory Coast 21 CB AS Roma Evan Ndicka
60%
Ivory Coast 22 RW Crystal Palace Evann Guessand
60%
Argentina 25 CB Olympique Marseille Facundo Medina
60%
Uruguay 8 CM Real Madrid Federico Valverde
60%
USA 20 ST AS Monaco Folarin Balogun
60%
Norway 14 CM SL Benfica Fredrik Aursnes
60%
Argentina 11 AM Real Betis Balompié Giovani Lo Celso
60%
Argentina 4 RB CA River Plate Gonzalo Montiel
60%
Switzerland 1 GK Borussia Dortmund Gregor Kobel
60%
South Korea 9 ST FC Midtjylland Gue-sung Cho
60%
Mexico 13 GK AEL Limassol Guillermo Ochoa
60%
Paraguay 15 CB Sociedade Esportiva Palmeiras Gustavo Gómez
60%
Senegal 21 CM Sunderland AFC Habib Diarra
60%
Ivory Coast 18 DM Nottingham Forest Ibrahim Sangaré
60%
Morocco 11 AM PSV Eindhoven Ismael Saibari
60%
Germany 9 RW VfB Stuttgart Jamie Leweling
60%
Colombia 3 CB Bologna FC 1909 Jhon Lucumí
60%
Ecuador 4 CB Club Brugge KV Joel Ordóñez
60%
Colombia 17 LB RCD Mallorca Johan Mojica
60%
Argentina 21 ST Sociedade Esportiva Palmeiras José Manuel López
60%
Argentina 1 GK Atlético de Madrid Juan Musso
60%
Paraguay 19 AM RC Strasbourg Alsace Julio Enciso
60%
Japan 25 CB FC Copenhagen Junnosuke Suzuki
60%
Senegal 3 CB Al-Hilal SC Kalidou Koulibaly
60%
Ghana 22 LW Atalanta BC Kamaldeen Sulemana
60%
Ecuador 10 AM CA River Plate Kendry Páez
60%
Tunisia 14 RW Paris Saint-Germain Espoirs Khalil Ayari
60%
Scotland 6 LB Celtic FC Kieran Tierney
60%
Senegal 15 RM AS Monaco Krépin Diatta
60%
Norway 3 CB Brentford FC Kristoffer Ajer
60%
Ghana 8 CM Real Oviedo Kwasi Sibo
60%
Czech Republic 7 CB Wolverhampton Wanderers Ladislav Krejčí
60%
Senegal 8 CM AS Monaco Lamine Camara
60%
Germany 19 RW Galatasaray Leroy Sané
60%
Brazil 20 AM CR Flamengo Lucas Paquetá
60%
Croatia 21 CM Real Sociedad Luka Sucic
60%
Scotland 9 ST Charlton Athletic Lyndon Dykes
60%
France 25 RW AS Monaco Maghnes Akliouche
60%
USA 17 AM Bayer 04 Leverkusen Malik Tillman
60%
Uruguay 5 DM Manchester United Manuel Ugarte
60%
Belgium 5 LB Brighton & Hove Albion Maxim De Cuyper
60%
Germany 14 ST Borussia Dortmund Maximilian Beier
60%
USA 12 CB FC Cincinnati Miles Robinson
60%
Australia 9 ST Norwich City Mohamed Touré
60%
Canada 15 CB OGC Nice Moïse Bombito
60%
Tunisia 3 CB FC Lorient Montassar Talbi
60%
Germany 20 CM 1.FSV Mainz 05 Nadiem Amiri
60%
Belgium 23 DM Rangers FC Nicolas Raskin
60%
Croatia 13 AM Torino FC Nikola Vlašić
60%
Switzerland 19 LW Leeds United Noah Okafor
60%
Netherlands 17 LW Galatasaray Noa Lang
60%
Mexico 18 CM Atlético de Madrid Obed Vargas
60%
Paraguay 3 CB Sunderland AFC Omar Alderete
60%
Croatia 17 CM Inter Milan Petar Sučić
60%
Algeria 21 CB Borussia Dortmund Ramy Bensebaini
60%
Algeria 15 LB Manchester City Rayan Aït-Nouri
60%
Portugal 13 CB Villareal CF Renato Veiga
60%
USA 9 ST PSV Eindhoven Ricardo Pepi
60%
Japan 10 RW Eintracht Frankfurt Ritsu Doan
60%
Netherlands 13 GK Sunderland AFC Robin Roefs
60%
Uruguay 6 DM Tottenham Hotspur Rodrigo Bentancur
60%
Brazil 24 CB Al-Ahli SFC Roger Ibañez
60%
Switzerland 17 LW Sevilla FC Rubén Vargas
60%
Ivory Coast 6 CM FC Porto Seko Fofana
60%
USA 2 RB PSV Eindhoven Sergiño Dest
60%
Morocco 4 DM Real Betis Balompié Sofyan Amrabat
60%
Austria 5 CB 1.FSV Mainz 05 Stefan Posch
60%
USA 21 RM Olympique Marseille Timothy Weah
60%
New Zealand 2 RB Wellington Phoenix Tim Payne
60%
USA 8 CM Juventus FC Weston McKennie
60%
Brazil 12 GK Grêmio Foot-Ball Porto Alegrense Weverton
60%
South Korea 14 CB Jeonbuk Hyundai Motors Wi-je Cho
60%
Haiti 18 ST Sunderland AFC Wilson Isidor
60%
Ivory Coast 1 GK Caykur Rizespor Yahia Fofana
60%
Ecuador 26 LB KRC Genk Yaimar Medina
60%
Sweden 18 CM Brighton & Hove Albion Yasin Ayari
60%
Morocco 1 GK Al-Hilal SFC Yassine Bounou
60%
Senegal 1 GK OGC Nice Yehvann Diouf
60%
Japan 17 ST SC Freiburg Yuito Suzuki
60%
Belgium 2 CB Sporting CP Zeno Debast
60%
Japan 1 GK Parma Calcio 1913 Zion Suzuki
60%
Ghana 7 RW Leicester City Abdul Fatawu
40%
Czech Republic 9 ST TSG 1899 Hoffenheim Adam Hlozek
40%
Algeria 2 CB LOSC Lille Aïssa Mandi
40%
Austria 1 GK Red Bull Salzburg Alexander Schlager
40%
USA 16 RB Villareal CF Alex Freeman
40%
Iraq 9 ST Luton Town Ali Al-Hamadi
40%
Turkey 12 GK Manchester United Altay Bayındır
40%
Mexico 8 CM Real Betis Balompié Álvaro Fidalgo
40%
Algeria 9 ST Olympique Marseille Amine Gouiri
40%
Scotland 1 GK Nottingham Forest Angus Gunn
40%
Algeria 11 RW Feyenoord Rotterdam Anis Hadj Moussa
40%
Scotland 24 RB Celtic FC Anthony Ralston
40%
Senegal 7 LW Como 1907 Assane Diao
40%
Germany 25 CM RB Leipzig Assan Ouédraogo
40%
USA 6 CB Celtic FC Auston Trusty
40%
Japan 18 ST Feyenoord Rotterdam Ayasa Ueda
40%
Iraq 18 ST Al-Karma Aymen Hussein
40%
Morocco 20 ST Olympiacos Piraeus Ayoub El Kaabi
40%
Morocco 8 CM Girona FC Azzedine Ounahi
40%
USA 11 AM Leeds United Brenden Aaronson
40%
South Korea 12 GK Jeonbuk Hyundai Motors Bum-keun Song
40%
Sweden 15 CB Celta de Vigo Carl Starfelt
40%
USA 15 CM Seattle Sounders FC Cristian Roldán
40%
Sweden 8 LB Borussia Dortmund Daniel Svensson
40%
Austria 2 CB Elche CF David Affengruber
40%
Colombia 1 GK Atlético Nacional David Ospina
40%
Switzerland 6 DM AS Monaco Denis Zakaria
40%
Uzbekistan 14 ST Basaksehir FK Eldor Shomurodov
40%
Tunisia 17 DM Eintracht Frankfurt Ellyes Skhiri
40%
Ivory Coast 12 ST OGC Nice Elye Wahi
40%
Switzerland 18 CB Valencia CF Eray Cömert
40%
Uzbekistan Manager Italy Fabio Cannavaro
40%
Portugal 16 AM Sporting CP Francisco Trincão
40%
Cabo Verde 11 RW Apollon Limassol Garry Rodrigues
40%
USA 7 AM Borussia Mönchengladbach Giovanni Reyna
40%
Sweden Manager England Graham Potter
40%
Egypt 12 RW Real Oviedo Haissem Hassan
40%
USA 19 ST Coventry City Haji Wright
40%
Turkey 10 DM Inter Milan Hakan Çalhanoğlu
40%
Egypt 9 ST FC Barcelona Hamza Abdelkarim
40%
Tunisia 10 AM Burnley FC Hannibal
40%
Egypt Manager Egypt Hossam Hassan
40%
Algeria 8 AM Al-Ittihad Club Houssem Aouar
40%
Algeria 22 AM Bayer 04 Leverkusen Ibrahim Maza
40%
Sweden 4 CB Atalanta BC Isak Hien
40%
Morocco 6 CB Fulham FC Issa Diop
40%
Scotland 13 CB Al-Ettifaq FC Jack Hendry
40%
Australia 22 CM FC St. Pauli Jackson Irvine
40%
Iraq 12 GK Al-Zawraa SC Jalal Hassan
40%
Haiti 10 CM Wolverhampton Wanderers Jean-Ricner Bellegarde
40%
Sweden 16 DM Udinese Calcio Jesper Karlström
40%
Colombia 9 ST FC Krasnodar Jhon Córdoba
40%
South Korea 16 DM Zhejiang FC Jin-seob Park
40%
USA 23 RB Borussia Mönchengladbach Joe Scally
40%
Mexico 5 CB Genoa CFC Johan Vásquez
40%
Panama 3 CB Norwich City José Córdoba
40%
Croatia 6 CB Ajax Amsterdam Josip Sutalo
40%
Qatar Manager Spain Julen Lopetegui
40%
Curaçao 7 CM FC Volendam Juninho Bacuna
40%
Turkey 11 LW Juventus FC Kenan Yıldız
40%
Scotland 23 CM Norwich City Kenny McLean
40%
Turkey 7 LW Fenerbahce Kerem Aktürkoğlu
40%
Belgium 16 CB AC Milan Koni De Winter
40%
Norway 18 CM US Sassuolo Kristian Thorstvedt
40%
Scotland 20 ST Heart of Midlothian FC Lawrence Shankland
40%
Curaçao 10 CM Igdir FK Leandro Bacuna
40%
Scotland 19 CM Bologna FC 1909 Lewis Ferguson
40%
Canada 11 LW Hull City Liam Millar
40%
New Zealand 13 LB Wrexham AFC Liberato Cacace
40%
Algeria 23 GK Granada CF Luca Zidane
40%
South Africa 9 ST Burnley FC Lyle Foster
40%
USA 22 CB FC Toulouse Mark McKenzie
40%
Croatia 16 AM Como 1907 Martin Baturina
40%
Uruguay 16 LB SSC Napoli Mathías Olivera
40%
Belgium 26 ST LOSC Lille Matias Fernandez-Pardo
40%
Netherlands 12 RB Brighton & Hove Albion Mats Wieffer
40%
USA 24 GK New York City FC Matt Freese
40%
USA 1 GK New England Revolution Matt Turner
40%
USA Manager Argentina Mauricio Pochettino
40%
Paraguay 10 RW Atlanta United FC Miguel Almirón
40%
Belgium 13 GK RC Strasbourg Alsace Mike Penders
40%
Norway 2 CM US Cremonese Morten Thorsby
40%
Saudi Arabia 6 CM Al-Hilal SFC Nasser Al-Dawsari
40%
Switzerland 4 CB Borussia Mönchengladbach Nico Elvedi
40%
Austria 6 DM RB Leipzig Nicolas Seiwald
40%
Croatia 7 DM Bologna FC 1909 Nikola Moro
40%
DR Congo 14 CM Sunderland AFC Noah Sadiki
40%
Turkey 6 CM Besiktas JK Orkun Kökçü
40%
Turkey 15 CB TSG 1899 Hoffenheim Ozan Kabak
40%
Austria 15 CB SC Freiburg Philipp Lienhart
40%
Austria 16 LB 1.FSV Mainz 05 Philipp Mwene
40%
Austria Manager Germany Ralf Rangnick
40%
Paraguay 7 ST Sociedade Esportiva Palmeiras Ramón Sosa
40%
Tunisia 13 DM 1.FC Union Berlin Rani Khedira
40%
Cabo Verde 4 CB Shamrock Rovers Roberto Lopes
40%
France 23 GK RC Lens Robin Risser
40%
Qatar 21 GK Al-Duhail SC Salah Zakaria
40%
Saudi Arabia 10 LW Al-Hilal SFC Salem Al-Dawsari
40%
Canada 12 ST Villareal CF Tani Oluwaseyi
40%
Czech Republic 11 ST SK Slavia Prague Tomas Chory
40%
Scotland 8 CM Manchester United Tyler Fletcher
40%
Turkey Manager Italy Vincenzo Montella
40%
Austria 4 CM RB Leipzig Xaver Schlager
40%
Switzerland 23 ST Burnley FC Zeki Amdouni
40%
Turkey 14 CB Galatasaray Abdülkerim Bardakcı
20%
Ghana 6 CB Rayo Vallecano Abdul Mumin
20%
Panama 19 RW CD Plaza Amador Alberto Quintero
20%
Australia 3 CB Parma Calcio 1913 Alessandro Circati
20%
Sweden 21 RW Holstein Kiel Alexander Bernhardsson
20%
Mexico 10 LW Deportivo Toluca Alexis Vega
20%
USA 26 RW CF América Álex Zendejas
20%
Canada 3 CB Middlesbrough FC Alfie Jones
20%
Tunisia 2 LB OGC Nice Ali Abdi
20%
Bosnia and Herzegovina 7 RB SL Benfica Amar Dedić
20%
Panama 23 RB Besiktas JK Amir Murillo
20%
Morocco 26 LB PSV Eindhoven Anass Salah-Eddine
20%
Ecuador 17 RB Clube Atlético Mineiro Angelo Preciado
20%
Switzerland 14 DM AC Milan Ardon Jashari
20%
DR Congo 26 LB RC Lens Arthur Masuaku
20%
Ghana 20 AM AS Saint-Étienne Augustine Boakye
20%
Switzerland 24 CB Eintracht Frankfurt Aurèle Amenda
20%
Australia 11 LW CD Castellón Awer Mabil
20%
Morocco 19 CM LOSC Lille Ayyoub Bouaddi
20%
New Zealand 19 LB AS Saint-Étienne Ben Old
20%
Belgium 4 CB Club Brugge KV Brandon Mechele
20%
Ghana 10 ST Coventry City Brandon Thomas-Asante
20%
Turkey 4 CB Fenerbahce Çağlar Söyüncü
20%
Australia 21 CB Swansea City Cameron Burgess
20%
Turkey 26 AM Eintracht Frankfurt Can Uzun
20%
Ghana Manager Portugal Carlos Queiroz
20%
Austria 17 CM Borussia Dortmund Carney Chukwuemeka
20%
Mexico 3 CB Lokomotiv Moscow César Montes
20%
USA 25 GK Chicago Fire FC Chris Brady
20%
Ghana 13 LW Al-Qadsiah FC Christopher Bonsu Baah
20%
Australia 8 CM FC St. Pauli Connor Metcalfe
20%
Australia 20 AM US Sassuolo Cristian Volpato
20%
Canada 1 GK Inter Miami CF Dayne St. Clair
20%
Colombia 22 LB FC Nantes Deiver Machado
20%
Curaçao Manager Netherlands Dick Advocaat
20%
Switzerland 15 CM Sevilla FC Djibril Sow
20%
DR Congo 25 CM Watford FC Edo Kayembe
20%
Turkey 13 LB Galatasaray Eren Elmalı
20%
Bosnia and Herzegovina 10 ST VfB Stuttgart Ermedin Demirovic
20%
Ghana 24 RW Olympique Lyon Ernest Nuamah
20%
Bosnia and Herzegovina 20 RW PSV Eindhoven Esmir Bajraktarevic
20%
Uruguay 11 RW Panathinaikos Facundo Pellistri
20%
Algeria 10 AM Eintracht Frankfurt Farès Chaïbi
20%
Uruguay 21 ST Real Oviedo Federico Viñas
20%
Turkey 20 LB Brighton & Hove Albion Ferdi Kadıoğlu
20%
Uruguay 23 GK Club Estudiantes de La Plata Fernando Muslera
20%
Austria 10 DM SC Braga Florian Grillitsch
20%
New Zealand 3 LB Auckland FC Francis de Vries
20%
Ivory Coast 8 CM Al-Ahli SFC Franck Kessié
20%
Sweden 5 LB Leeds United Gabriel Gudmundsson
20%
Scotland 18 ST Ipswich Town George Hirst
20%
Morocco 16 RW RC Strasbourg Alsace Gessime Yassine
20%
Ivory Coast 3 LB Gil Vicente FC Ghislain Konan
20%
Ghana 14 LB AJ Auxerre Gideon Mensah
20%
Uruguay 10 AM CR Flamengo Giorgian de Arrascaeta
20%
Ecuador 19 RW CR Flamengo Gonzalo Plata
20%
Scotland 5 CB Hibernian FC Grant Hanley
20%
Sweden 2 CB SC Braga Gustaf Lagerbielke
20%
Colombia 14 CM Racing Santander Gustavo Puerta
20%
Bosnia and Herzegovina 23 ST Borussia Mönchengladbach Haris Tabakovic
20%
Australia 19 CB Leicester City Harry Souttar
20%
Ecuador 1 GK CA Huracán Hernán Galíndez
20%
Algeria 14 CM OGC Nice Hicham Boudaoui
20%
Sweden 14 CB Burnley FC Hjalmar Ekdal
20%
Qatar 14 LB Cultural Leonesa Homam Al-Amin
20%
South Korea 19 ST Besiktas JK Hyeon-gyu Oh
20%
Croatia 20 ST SC Freiburg Igor Matanovic
20%
Senegal 14 LB Galatasaray Ismail Jakobs
20%
Mexico 15 RB CF América Israel Reyes
20%
Croatia 12 GK Hull City Ivor Pandur
20%
Mexico Manager Mexico Javier Aguirre
20%
South Korea 23 CM Borussia Mönchengladbach Jens Castrop
20%
Norway 23 LW FK Bodø/Glimt Jens Petter Hauge
20%
Mexico 23 LB Deportivo Toluca Jesús Gallardo
20%
Colombia 11 RW Sodiedade Esportiva Palmeiras Jhon Arias
20%
Belgium 18 LB Club Brugge KV Joaquin Seys
20%
Switzerland 9 CM SC Freiburg Johan Manzambi
20%
Scotland 15 CB Rangers FC John Souttar
20%
Ghana 4 CB VfL Wolfsburg Jonas Adjetey
20%
Australia 5 LB Feyenoord Rotterdam Jordan Bos
20%
DR Congo 12 LB KRC Genk Joris Kayembe
20%
Cabo Verde 7 LW CF Estrela Amadora Jovane Cabral
20%
Bosnia and Herzegovina 25 ST FC Universitatea Cluj Jovo Lukić
20%
Colombia 20 AM CA River Plate Juan Fernando Quintero
20%
Mexico 16 ST Al-Qadsiah FC Julián Quiñones
20%
Japan 24 DM 1.FSV Mainz 05 Kaishu Sano
20%
Sweden 13 LB Pafos FC Ken Sema
20%
Japan 26 ST VfL Wolfsburg Kento Shiogai
20%
Japan 4 CB Ajax Amsterdam Ko Itakura
20%
Ghana 21 CB OGC Nice Kojo Peprah Oppong
20%
Croatia 18 DM FC Augsburg Kristijan Jakic
20%
Norway 4 CB Genoa CFC Leo Østigård
20%
Scotland 12 GK Rangers FC Liam Kelly
20%
DR Congo 1 GK Le Havre AC Lionel Mpasi-Nzau
20%
Switzerland 25 CB VfB Stuttgart Luca Jaquez
20%
Czech Republic 23 GK SC Braga Lukas Hornicek
20%
Uruguay Manager Argentina Marcelo Bielsa
20%
Norway 16 RB Torino FC Marcus Pedersen
20%
Croatia 3 CB ACF Fiorentina Marin Pongracic
20%
Czech Republic 1 GK PSV Eindhoven Matej Kovar
20%
Uruguay 17 LB CA River Plate Matías Viña
20%
Paraguay 11 AM Sociedade Esportiva Palmeiras Mauricio
20%
USA 18 LW Columbus Crew Max Arfsten
20%
Canada 16 GK Orlando City SC Maxime Crépeau
20%
Turkey 3 CB Al-Ahli SFC Merih Demiral
20%
Turkey 18 RB Fenerbahce Mert Müldür
20%
Austria 11 ST FC Augsburg Michael Gregoritsch
20%
Switzerland 2 LB Hamburger SV Miro Muheim
20%
Egypt 6 CB OGC Nice Mohamed Abdelmonem
20%
Algeria 18 ST VfL Wolfsburg Mohamed Amoura
20%
Saudi Arabia 23 CM Al-Hilal SFC Mohamed Kanno
20%
Ecuador 12 GK AE Kifisia Moisés Ramírez
20%
Senegal 23 GK Le Havre AC Mory Diaw
20%
Jordan 10 RW Stade Rennais FC Mousa Tamari
20%
Senegal 19 CB Olympique Lyon Moussa Niakhaté
20%
Algeria 19 DM LOSC Lille Nabil Bentaleb
20%
Belgium 25 CB LOSC Lille Nathan Ngoy
20%
Morocco 24 CM AS Roma Neil El Aynaoui
20%
Australia 17 RW Watford FC Nestory Irankunda
20%
DR Congo 6 DM LOSC Lille Ngal'ayel Mukau
20%
Bosnia and Herzegovina 24 CB RC Lens Nidal Celik
20%
Bosnia and Herzegovina 1 GK FC St. Pauli Nikola Vasilj
20%
Ecuador 20 LW Sunderland AFC Nilson Angulo
20%
Ivory Coast 7 CB Atalanta BC Odilon Kossounou
20%
Mexico 17 CM AEK Athens Orbelín Pineda
20%
Ivory Coast 14 ST Cercle Brugge Oumar Diakité
20%
Austria 13 GK Bröndby IF Patrick Pentz
20%
Austria 24 CM PSV Eindhoven Paul Wanner
20%
Czech Republic 15 AM Olympique Lyon Pavel Sulc
20%
Qatar 2 CB Al-Sadd SC Pedro Miguel
20%
Croatia 26 ST FC Dallas Petar Musa
20%
Egypt 5 CB Al-Ain FC Ramy Rabia
20%
Switzerland 8 CM Bologna FC 1909 Remo Freuler
20%
Haiti 4 CB LDU Quito Ricardo Adé
20%
Czech Republic 4 CB TSG 1899 Hoffenheim Robin Hranac
20%
Panama 25 CB Turan-Tovuz IK Roderick Miller
20%
Uruguay 19 ST Tigres UANL Rodrigo Aguirre
20%
Uruguay 26 AM SC Braga Rodrigo Zalazar
20%
Scotland 14 ST Southampton FC Ross Stewart
20%
New Zealand 23 DM PEC Zwolle Ryan Thomas
20%
Turkey 5 DM Borussia Dortmund Salih Özcan
20%
Morocco 14 CM RC Strasbourg Alsace Samir El Mourabet
20%
Colombia 4 RB CA Independiente Santiago Arias
20%
Uruguay 24 CB Wolverhampton Wanderers Santiago Bueno
20%
Austria 14 ST LASK Sasa Kalajdzic
20%
Saudi Arabia 12 RB RC Lens Saud Abdulhamid
20%
Scotland 26 CB GNK Dinamo Zagreb Scott McKenna
20%
Bosnia and Herzegovina 5 CB Atalanta BC Sead Kolasinac
20%
Ecuador Manager Argentina Sebastián Beccacece
20%
USA 14 CM Vancouver Whitecaps FC Sebastian Berhalter
20%
Tunisia 26 LW Celtic FC Sebastian Tounekti
20%
Cabo Verde 13 LB SL Benfica Sidny Lopes Cabral
20%
Ivory Coast 10 LW AS Monaco Simon Adingra
20%
Norway Manager Norway Ståle Solbakken
20%
Canada 7 CM Los Angeles FC Stephen Eustaquio
20%
Scotland Manager Scotland Steve Clarke
20%
Curaçao 21 AM Sheffield United Tahith Chong
20%
Japan 22 RB Ajax Amsterdam Takehiro Tomiyasu
20%
Bosnia and Herzegovina 4 CB US Sassuolo Tarik Muharemović
20%
Norway 19 AM Rangers FC Thelo Aasgaard
20%
USA 13 CB Charlotte FC Time Ream
20%
Czech Republic 3 CB SK Slavia Prague Tomas Holes
20%
Norway 17 CB Bologna FC 1909 Torbjørn Heggem
20%
Egypt 7 LW Al Ahly FC Trezeguet
20%
Japan 16 CB Feyenoord Rotterdam Tsuyoshi Watanabe
20%
Ivory Coast 5 CB Galatasaray Wilfried Singo
20%
South Africa 13 CM CD Tondela Yaya Sithole
20%
Japan 2 RB SV Werder Bremen Yukinari Sugawara
20%
Turkey 19 RW Galatasaray Yunus Akgün
20%
Switzerland 12 GK FC Lorient Yvon Mvogo
20%
Turkey 2 RB AS Roma Zeki Çelik
20%
Iraq 14 CM FC Utrecht Zidane Iqbal
20%
Egypt 25 RW Al Ahly FC Zizo
20%
Croatia Manager Croatia Zlatko Dalic
20%
DR Congo 15 CM Kilmarnock FC Aaron Tshibola
0%
Uzbekistan 22 RW Basaksehir FK Abbosbek Fayzullaev
0%
Jordan 22 GK Al-Wehdat SC Abdallah Al-Fakhouri
0%
Jordan 3 CB Al-Zawraa SC Abdallah Nasib
0%
Tunisia 1 GK Club Africain Abdelmouhib Chamakh
0%
Senegal 4 CB Maccabi Haifa Abdoulaye Seck
0%
Qatar 6 CM Al-Rayyan SC Abdulaziz Hatim
0%
Saudi Arabia 4 CB Al-Nassr FC Abdulelah Al-Amri
0%
Uzbekistan 18 DM Dibba SCC Abdulla Abdullaev
0%
Saudi Arabia 19 ST Al-Nassr FC Abdullah Al-Hamdan
0%
Saudi Arabia 15 DM Al-Nassr FC Abdullah Al-Khaibari
0%
Ghana 17 LB PAOK Thessaloniki Abdul Rahman Baba
0%
Uzbekistan 12 GK Nasaf Qarshi Abduvokhid Nematov
0%
Algeria 3 CB USM Alger Achref Abada
0%
Panama 8 CM UNAM Pumas Adalberto Carrasquilla
0%
Tunisia 5 CB Kasimpasa Adem Arous
0%
Algeria 20 LW Al-Duhail SC Adil Boulbina
0%
Uruguay 14 LW Fluminense Football Club Agustín Canobbio
0%
Qatar 7 ST Al-Rayyan SC Ahmed Alaaeldin
0%
Qatar 17 RW Al-Gharafa SC Ahmed Al-Ganehi
0%
Saudi Arabia 22 GK Al-Qadsiah FC Ahmed Al-Kassar
0%
Iraq 22 GK Al-Shorta SC Ahmed Basil Fadhil
0%
Qatar 20 DM Al-Arabi SC Ahmed Fathi
0%
Egypt 13 LB Zamalek SC Ahmed Fatouh
0%
Iraq 11 RW Nashville SC Ahmed Qasem
0%
Morocco 22 GK AS FAR Rabat Ahmed Reda Tagnaouti
0%
Iraq 15 LB Al-Shorta SC Ahmed Yahya
0%
Australia 13 DM New York City FC Aiden O'Neill
0%
Iraq 20 CM Sarpsborg 08 FF Aimar Sher
0%
Australia 10 CM Heracles Almelo Ajdin Hrustic
0%
Iraq 5 CB Al-Zawraa SC Akam Hashem
0%
Uzbekistan 6 CM Pakhtakor Tashkent Akmal Mozgovoy
0%
Saudi Arabia 18 CM NEOM SC Alaa Hejji
0%
Ecuador 21 CM Clube Atlético Mineiro Alan Franco
0%
Ecuador 14 RW Clube Atlético Mineiro Alan Minda
0%
Ivory Coast 23 GK Panathinaikos Alban Lafont
0%
Austria 26 CM Wolfsberger AC Alessandro Schöpf
0%
Austria 22 LM TSG 1899 Hoffenheim Alexander Prass
0%
Haiti 12 GK FC Sochaux-Montbéliard Alexandre Pierre
0%
Paraguay 26 LB CA Talleres Alexandro Maidana
0%
Czech Republic 24 CM FC Viktoria Plzen Alexandr Sojka
0%
Paraguay 18 ST CS Independiente Rivadavia Álex Arce
0%
New Zealand 12 GK Lechia Gdansk Alex Paulsen
0%
New Zealand 14 DM Wellington Phoenix Alex Rufer
0%
Qatar 25 CB Al-Arabi SC Al-Hashmi Al-Hussain
0%
Canada 20 LM Norwich City Ali Ahmed
0%
Iran 11 ST Persepolis FC Ali Alipour
0%
Jordan 24 RW Al-Shabab FC Ali Azaizeh
0%
Ghana 2 CB Stade Rennais FC Alidu Seidu
0%
Iraq 17 LW Al-Najma SC Ali Jasim
0%
Saudi Arabia 3 CB Al-Hilal SFC Ali Lajami
0%
Saudi Arabia 2 RB Al-Ahli SFC Ali Majrashi
0%
Iran 19 CB Foolad FC Ali Nemati
0%
Jordan 9 ST Al-Sailiya SC Ali Olwan
0%
Iran 1 GK Tractor FC Alireza Beiranvand
0%
Iran 7 RW FCV Dender EH Alireza Jahanbakhsh
0%
Iraq 13 ST Al-Talaba SC Ali Yousif
0%
Colombia 24 GK CA Vélez Sarsfield Álvaro Montero
0%
Bosnia and Herzegovina 15 RM FC Viktoria Plzen Amar Memić
0%
Jordan 6 CM Al-Zawraa SC Amer Jamous
0%
Iraq 16 DM Cracovia Amir Al-Ammari
0%
Iran Manager Iran Amir Ghalenoei
0%
Bosnia and Herzegovina 16 DM Hull City Amir Hadziahmetovic
0%
Iran 18 ST Tractor FC Amirhossein Hosseinzadeh
0%
Iran 26 CM Esteghlal FC Amirmohammad Razzaghinia
0%
Jordan 26 RB Al-Faisaly SC Anas Badawi
0%
Panama 16 CB LASK Andrés Andrade
0%
Paraguay 14 DM Vancouver Whitecaps FC Andrés Cubas
0%
Panama 20 DM San Diego FC Anibal Godoy
0%
Tunisia 25 CM Norwich City Anis Ben Slimane
0%
Paraguay 9 ST US Cremonese Antonio Sanabria
0%
Curaçao 15 RW Rotherham United Ar'jany Martha
0%
Curaçao 18 CB PSV Eindhoven Armando Obispo
0%
Bosnia and Herzegovina 8 CM BSC Young Boys Armin Gigovic
0%
Iran 17 RB Sepahan FC Arya Yousefi
0%
Qatar 23 DM Al-Wakrah SC Assim Madibo
0%
South Africa 6 LB Mamelodi Sundowns FC Aubrey Modiba
0%
Uzbekistan 25 CB FC OKMK Olmaliq Avazbek Ulmasaliev
0%
Saudi Arabia 8 LB Al-Nassr FC Ayman Yahya
0%
Tunisia 16 GK CS Sfaxien Aymen Dahmen
0%
Qatar 13 RB Al-Gharafa SC Ayoub Al-Oui
0%
Morocco 13 RW Eintracht Frankfurt Ayoube Amaimouni-Echghouyab
0%
Japan 20 CB Le Havre AC Ayumu Seko
0%
Panama 24 ST CD Universidad Católica Azarias Londoño
0%
Australia 16 LB Melbourne City FC Aziz Behich
0%
Uzbekistan 20 ST Dinamo Samarqand Azizbek Amanov
0%
Uzbekistan 19 CM Al-Bataeh CSC Aziz Ganiev
0%
Senegal 9 ST FC Lorient Bamba Dieng
0%
Turkey 21 LW Galatasaray Barış Alper Yılmaz
0%
Uzbekistan 24 RB Surkhon Termiz Bekhruz Karimov
0%
Cabo Verde 9 ST Akron Tolyatti Benchimol
0%
Ghana 16 GK Hearts of Oak Benjamin Asare
0%
Sweden 10 AM Celtic FC Benjamin Nygren
0%
Bosnia and Herzegovina 6 CM Bröndby IF Benjamin Tahirović
0%
New Zealand 18 ST Port Vale FC Ben Waine
0%
Sweden 22 CM Union Saint-Gilloise Besfort Zeneli
0%
Uzbekistan 16 GK Neftchi Fergana Botirali Ergashev
0%
Qatar 16 CB Al-Sadd SC Boualem Khoukhi
0%
South Africa 26 LB Kaizer Chiefs Bradley Cross
0%
Paraguay 20 DM Orlando City SC Braian Ojeda
0%
Curaçao 17 RW FC Volendam Brandley Kuwas
0%
DR Congo 9 LW CD Castellón Brian Cipenga
0%
Mexico 26 AM Deportivo Guadalajara Brian Gutiérrez
0%
Cabo Verde Manager Cabo Verde Bubista
0%
Ghana 3 CM FC Nordsjaelland Caleb Yirenkyi
0%
New Zealand 24 RB Auckland FC Callan Elliot
0%
New Zealand 20 AM Silkeborg IF Callum McCowatt
0%
Australia 14 CM Heart of Midlothian FC Cammy Devlin
0%
Haiti 2 RB Angers SCO Carlens Arcus
0%
Mexico 12 GK Santos Laguna Carlos Acevedo
0%
Panama 14 DM Minnesota United FC Carlos Harvey
0%
Haiti 6 DM El Paso Locomotive FC Carl Sainté
0%
Panama 18 ST Universidad de Concepción Cecilio Waterman
0%
Switzerland 26 ST Fortuna Düsseldorf Cedric Itten
0%
Panama 2 RB Slovan Bratislava César Blackman
0%
Mexico 21 LW RSC Anderlecht César Huerta
0%
Panama 12 GK CD Marathón César Samudio
0%
Panama 21 RW CD Cobresal César Yanis
0%
DR Congo 22 CB LOSC Lille Chancel Mbemba
0%
Switzerland 16 AM BSC Young Boys Christian Fassnacht
0%
Ivory Coast 26 CM Trabzonspor Christ Inao Oulaï
0%
Ivory Coast 13 LB Basaksehir FK Christopher Operi
0%
Paraguay 16 CM São Paulo Futebol Clube Damián Bobadilla
0%
Iran 25 CB Malavan Bandar Anzali Danial Eiri
0%
Haiti 17 DM Philadelphia Union Danley Jean Jacques
0%
New Zealand Manager England Darren Bazeley
0%
Czech Republic 21 RM SK Slavia Prague David Doudera
0%
Czech Republic 14 LB SK Slavia Prague David Jurásek
0%
Czech Republic 2 CB SK Slavia Prague David Zima
0%
Ecuador 18 CM FC Midtjylland Denil Castillo
0%
Czech Republic 26 AM FC Viktoria Plzen Denis Visinsky
0%
Iran 24 ST Standard Liège Dennis Eckert Ayensa
0%
Bosnia and Herzegovina 3 CB UC Sampdoria Dennis Hadzikadunic
0%
Canada 13 CB Olympique Marseille Derek Cornelius
0%
Cabo Verde 14 CM Ludogorets Razgrad Deroy Duarte
0%
Haiti 7 LW Toronto FC Derrick Etienne Jr.
0%
Ghana 23 CB Pafos FC Derrick Luckassen
0%
Curaçao 24 CB NEC Nijmegen Deveron Fonville
0%
Cabo Verde 3 CB Al-Bataeh CSC Diney Borges
0%
Scotland 16 CB Wrexham AFC Dominic Hyam
0%
Croatia 23 GK FC Copenhagen Dominik Kotarski
0%
Uzbekistan 17 RW Pakhtakor Tashkent Dostonbek Khamdamov
0%
Haiti 9 ST Esteghlal FC Duckens Nazon
0%
DR Congo 5 CB AE Larisa Dylan Batubinsika
0%
Tunisia 6 CB Servette FC Dylan Bronn
0%
Bosnia and Herzegovina 17 DM Karlsruher SC Dzenis Burnic
0%
Panama 5 CB FC Pari Nizhniy Novgorod Edgardo Fariña
0%
Qatar 8 LW Al-Duhail SC Edmílson Junior
0%
Norway 13 GK Watford FC Egil Selvik
0%
Jordan 23 RB Al-Hussein SC (Irbid) Ehsan Haddad
0%
Iran 3 LB Sepahan FC Ehsan Hajsafi
0%
Tunisia 7 LW FC Copenhagen Elias Achouri
0%
New Zealand 11 RW Motherwell FC Elijah Just
0%
Ghana 15 DM AJ Auxerre Elisha Owusu
0%
Sweden 24 LM Mjällby AIF Elliot Stroud
0%
Egypt 16 GK Zamalek SC El Mahdi Soliman
0%
Curaçao 1 GK Miami FC Eloy Room
0%
Egypt 8 CM Al Ahly FC Emam Ashour
0%
Ivory Coast Manager Ivory Coast Emerse Faé
0%
Ivory Coast 20 CB Besiktas JK Emmanuel Agbadou
0%
Panama 15 LB CD Plaza Amador Éric Davis
0%
Mexico 6 DM CD Cruz Azul Érik Lira
0%
Bosnia and Herzegovina 26 AM FC Slovan Liberec Ermin Mahmic
0%
South Africa 17 ST Orlando Pirates Evidence Makgopa
0%
Paraguay 5 CB Grêmio Foot-Ball Porto Alegrense Fabián Balbuena
0%
Switzerland 22 AM FC Augsburg Fabian Rieder
0%
Iraq 1 GK Al-Talaba SC Fahad Talib
0%
Algeria 25 RW Frosinone Calcio Farès Ghedjemis
0%
Uzbekistan 4 LB Neftchi Fergana Farrukh Sayfiev
0%
Panama 4 CB Deportivo Saprissa Fidel Escobar
0%
Scotland 25 LW Kilmarnock FC Findlay Curtis
0%
New Zealand 16 CB Portland Timbers Finn Surman
0%
Saudi Arabia 9 ST Al-Ahli SFC Firas Al-Buraikan
0%
Tunisia 19 ST Club Africain Firas Chaouat
0%
DR Congo 19 ST Pyramids FC Fistyon Mayele
0%
Austria 12 GK FC Viktoria Plzen Florian Wiegele
0%
Iraq 26 CB PERSIB Bandung Frans Dhia Putros
0%
Haiti 20 ST Caykur Rizespor Frantzdy Pierrot
0%
Norway 15 LB FK Bodø/Glimt Fredrik Bjørkan
0%
Paraguay 21 ST CA Independiente Gabriel Ávalos
0%
DR Congo 11 AM AE Larisa Gaël Kakuta
0%
Paraguay 22 GK Olimpia Asunción Gastón Olveira
0%
DR Congo 24 RB Aris Limassol Gédéon Kalulu
0%
Saudi Arabia Manager Greece Georgios Donis
0%
Curaçao 19 ST Terengganu FC Gervane Kastaneer
0%
Curaçao 6 DM RKC Waalwijk Godfried Roemeratoe
0%
Iraq Manager Australia Graham Arnold
0%
Uruguay 13 RB CR Flamengo Guillermo Varela
0%
Sweden 25 ST Club Brugge KV Gustaf Nilsson
0%
Paraguay Manager Argentina Gustavo Alfaro
0%
Paraguay 24 LW Portsmouth FC Gustavo Caballero
0%
Paraguay 2 CB Club Cerro Porteño Gustavo Velázquez
0%
Japan Manager Japan Hajime Moriyasu
0%
Egypt 14 DM Al-Wakrah SC Hamdy Fathy
0%
Haiti 5 CB FC Lugano Hannes Delcroix
0%
Qatar 10 AM Al-Sadd SC Hasan Al-Haydos
0%
Saudi Arabia 14 LB Al-Ittihad Club Hassan Kadesh
0%
Saudi Arabia 5 CB Al-Hilal SFC Hassan Tambakti
0%
Tunisia 9 ST Dinamo Makhachkala Hazem Mastouri
0%
Cabo Verde 26 LW Maccabi Tel Aviv Hélio Varela
0%
Norway 25 CB Viking FK Henrik Falchener
0%
Sweden 6 RM FC Dallas Herman Johansson
0%
Egypt 4 CB Zamalek SC Hossam Abdelmaguid
0%
Iran 13 CB Persepolis FC Hossein Kanaani
0%
South Africa Manager Belgium Hugo Broos
0%
Czech Republic 25 CM AC Sparta Prague Hugo Sochurek
0%
Jordan 4 CB Al-Faisaly SC Husam Abu Dahab
0%
South Korea 20 RW Celtic FC Hyun-jun Yang
0%
Egypt 20 LW FC Nordsjaelland Ibrahim Adel
0%
Iraq 8 AM Al-Dhafra FC Ibrahim Bayesh
0%
Jordan 15 CM Al-Karma Ibrahim Saadeh
0%
Jordan 18 ST NK Lokomotiva Zagreb Ibrahim Sabra
0%
Uzbekistan 21 ST Persepolis FC Igor Sergeev
0%
South Africa 21 CB Hannover 96 Ime Okon
0%
South Africa 15 ST Mamelodi Sundowns FC Iqraam Rayners
0%
Turkey 17 RW Kasimpasa İrfan Can Kahveci
0%
Paraguay 25 ST Red Bull Bragantino Isidro Pitta
0%
Tunisia 11 LW FC Augsburg Ismaël Gharbi
0%
Turkey 16 DM Fenerbahce İsmail Yüksek
0%
Qatar 4 CB Al-Arabi SC Issa Laye
0%
Bosnia and Herzegovina 13 CM FC Astana Ivan Basic
0%
Bosnia and Herzegovina 14 DM Pafos FC Ivan Sunjic
0%
Ecuador 25 CB Club Tijuana Jackson Porozo
0%
Australia 4 RB Grazer AK 1902 Jacob Italiano
0%
Canada 14 LW Los Angeles FC Jacob Shaffelburg
0%
Sweden 1 GK Derby County Jacob Widell Zetterström
0%
Uzbekistan 26 CB Dinamo Samarqand Jakhongir Urozov
0%
Uzbekistan 10 LW Esteghlal FC Jaloliddin Masharipov
0%
Jordan Manager Morocco Jamal Sellami
0%
Colombia 21 LW CA Rosario Central Jáminton Campaz
0%
Cabo Verde 10 CM PEC Zwolle Jamiro Monteiro
0%
Uzbekistan 8 AM Neftchi Fergana Jamshid Iskanderov
0%
Czech Republic 19 ST AC Sparta Prague Jan Kuchta
0%
Algeria 13 LB BSC Young Boys Jaouen Hadjam
0%
Czech Republic 20 CB AC Sparta Prague Jaroslav Zelený
0%
Australia 6 RB Albirex Niigata Jason Geria
0%
Qatar 5 DM Al-Rayyan SC Jassem Gaber
0%
Haiti 22 CB KAA Gent Jean-Kévin Duverne
0%
Ivory Coast 4 DM NK Maribor Jean Michaël Seri
0%
Curaçao 16 LW SK Beveren Jearl Margaritha
0%
Saudi Arabia 25 CB Al-Qadsiah FC Jehad Thakri
0%
Curaçao 11 LW AE Kifisia Jeremy Antonisse
0%
Ecuador 24 ST VfB Stuttgart Jeremy Arévalo
0%
Ghana 18 CB Basaksehir FK Jerome Opoku
0%
New Zealand 21 LW Auckland FC Jesse Randall
0%
Czech Republic 16 GK SK Slavia Prague Jindrich Stanek
0%
South Korea 25 LW Swansea City Ji-sung Eom
0%
Cabo Verde 8 DM FCSB João Paulo
0%
Uruguay 22 LB Sociedade Esportiva Palmeiras Joaquín Piquerez
0%
Canada 5 CB Chicago Fire FC Joel Waterman
0%
Ecuador 9 ST Venezia FC John Yeboah
0%
Haiti 1 GK SC Bastia Johny Placide
0%
Canada 21 CM Toronto FC Jonathan Osorio
0%
Ecuador 5 DM Independiente del Valle Jordy Alcívar
0%
Colombia 8 AM CR Flamengo Jorge Carrascal
0%
Panama 26 LB Deportivo La Guaira Jorge Gutiérrez
0%
Paraguay 13 CB CA Lanús José Canale
0%
Panama 17 ST CD Universidad Católica José Fajardo
0%
Ghana 12 GK St. Patrick's Athletic Joseph Anang
0%
Curaçao 20 RB Kayserispor Joshua Brenet
0%
Haiti 21 RW AJ Auxerre Josué Casimir
0%
Haiti 23 GK FC Cosmos Koblenz Josué Duverger
0%
Paraguay 4 RB Dynamo Moscow Juan José Cáceres
0%
Uruguay 25 LB Real Salt Lake City Juan Manuel Sanabria
0%
Colombia 15 CM Club Athletico Paranaense Juan Portilla
0%
Paraguay 6 CB Clube Atlético Mineiro Júnior Alonso
0%
Curaçao 9 ST Miami FC Jürgen Locadia
0%
Curaçao 3 CB Abha Club Juriën Gaari
0%
Turkey 22 DM Galatasaray Kaan Ayhan
0%
Australia 15 DM New York City FC Kai Trewin
0%
Paraguay 17 AM Al-Ain FC Kaku
0%
South Africa 25 RB Orlando Pirates Kamogelo Sebelebele
0%
Qatar 12 DM Al-Duhail SC Karim Boudiaf
0%
Egypt 15 LB Pyramids FC Karim Hafez
0%
Haiti 3 CB BSC Young Boys Keeto Thermoncy
0%
Japan 9 ST Sint-Truidense VV Keisuke Goto
0%
Japan 12 GK Sanfrecce Hiroshima Keisuke Osako
0%
Japan 13 LW Stade Reims Keito Nakamura
0%
Cabo Verde 25 CB SJK Seinäjoki Kelvin Pires
0%
Bosnia and Herzegovina 19 LW Red Bull Salzburg Kerim Alajbegovic
0%
Colombia 5 DM CA River Plate Kevin Castaño
0%
Curaçao 22 DM FC Den Bosch Kevin Felida
0%
Cabo Verde 6 DM FC Krasnodar Kevin Lenini
0%
Iraq 19 CM Aarhus GF Kevin Yakob
0%
Saudi Arabia 17 LW Al-Ettifaq FC Khalid Al-Ghannam
0%
Uzbekistan 3 RB Pakhtakor Tashkent Khozhiakbar Alizhonov
0%
South Africa 20 RB Mamelodi Sundowns FC Khuliso Mudau
0%
South Africa 3 CB Mamelodi Sundowns FC Khulumani Ndamane
0%
Japan 19 ST NEC Nijmegen Koki Ogawa
0%
New Zealand 17 ST Western Sydney Wanderers Kosta Barbarouses
0%
Sweden 23 GK AIK Kristoffer Nordfeldt
0%
New Zealand 25 CM Newcastle United Jets Lachlan Bayliss
0%
Cabo Verde 15 DM Puskás Akadémia FC Laros Duarte
0%
Ghana 1 GK FC St. Gallen 1879 Lawrence Ati Zigi
0%
Haiti 16 ST Ferencvárosi TC Lenny Joseph
0%
Haiti 14 DM FC Vizela Leverton Pierre
0%
Curaçao 8 RB FC Zürich Livano Comenencia
0%
Haiti 11 RW FC Dallas Louicius Deedson
0%
Australia 25 CB Colorado Rapids Lucas Herrington
0%
Canada 4 CB FCV Dender EH Luc De Fougerolles
0%
Mexico 24 DM Dynamo Moscow Luis Chávez
0%
Panama 1 GK Club Nacional Luis Mejía
0%
Mexico 7 CB Deportivo Guadalajara Luis Romo
0%
Czech Republic 12 CM FC Viktoria Plzen Lukas Cerv
0%
Czech Republic 17 LW SK Slavia Prague Lukas Provod
0%
Qatar 1 GK Al-Rayyan SC Mahmoud Abunada
0%
Jordan 13 LW Al-Hussein SC (Irbid) Mahmoud Al-Mardi
0%
Egypt 21 CM Zed FC Mahmoud Saber
0%
Iraq 6 CB Al-Shorta SC Manaf Younis
0%
Canada 26 LW Tigres UANL Marcelo Flores
0%
Cabo Verde 12 GK Montana Márcio Rosa
0%
Austria 23 CB SV Werder Bremen Marco Friedl
0%
Iraq 21 LW Venezia FC Marko Farji
0%
New Zealand 8 CM Swansea City Marko Stamenić
0%
Croatia 25 CB FC Midtjylland Martin Erlić
0%
Haiti 8 LB AS Nancy-Lorraine Martin Expérience
0%
Bosnia and Herzegovina 22 GK HNK Rijeka Martin Zlomislic
0%
Switzerland 21 GK BSC Young Boys Marvin Keller
0%
Ghana 26 RB AJ Auxerre Marvin Senaya
0%
Egypt 19 DM Al Ahly FC Marwan Ateya
0%
Mexico 20 LB AZ Alkmaar Mateo Chávez
0%
Australia 7 RW Melbourne City FC Mathew Leckie
0%
Canada 6 CM Los Angeles FC Mathieu Choinière
0%
Paraguay 23 CM Atlanta United FC Matías Galarza
0%
New Zealand 7 CM Peterborough United Matthew Garbett
0%
DR Congo 21 GK Standard Liège Matthieu Epolo
0%
Sweden 19 CM VfL Wolfsburg Mattias Svanberg
0%
New Zealand 1 GK Milwall FC Max Crocombe
0%
South Africa 14 CB Chicago Fire FC Mbekelezi Mbokazi
0%
Iran 10 LW Al-Nasr SC (UAE) Mehdi Ghayedi
0%
Iran 16 LW Tractor FC Mehdi Torabi
0%
Algeria 1 GK FC Stade Nyonnais Melvin Mastil
0%
Iraq 23 LB FC Viktoria Plzen Merchas Doski
0%
Turkey 1 GK Fenerbahce Mert Günok
0%
Qatar 22 GK Al-Sadd SC Meshaal Barsham
0%
DR Congo 13 AM Alanyaspor Meshack Elia
0%
New Zealand 5 CB Minnesota United FC Michael Boxall
0%
Austria 25 CB Venezia FC Michael Svoboda
0%
New Zealand 22 GK Auckland FC Michael Woud
0%
Czech Republic 18 CM SK Slavia Prague Michal Sadílek
0%
Switzerland 20 CM Pisa Sporting Club Michel Aebischer
0%
Iran 5 LB Persepolis FC Milad Mohammadi
0%
Australia 2 CB APOEL Nicosia Milos Degenek
0%
Czech Republic Manager Czech Republic Miroslav Koubek
0%
Egypt 26 GK El Gouna FC Mohamed Alaa
0%
Qatar 26 DM Al-Shamal SC Mohamed Al-Mannai
0%
Tunisia 21 LB Esperance Tunis Mohamed Amine Ben Hamida
0%
Algeria 4 CB Esperance Tunis Mohamed Amine Tougai
0%
Tunisia 15 DM FC Lugano Mohamed Belhadj Mahmoud
0%
Egypt 1 GK Al Ahly FC Mohamed El Shenawy
0%
Egypt 3 RB Al Ahly FC Mohamed Hany
0%
Morocco Manager Belgium Mohamed Ouahbi
0%
Jordan 16 CB Selangor FC Mohammad Abualnadi
0%
Jordan 2 LB Al-Karma Mohammad Abu Hasheesh
0%
Jordan 25 CM Al-Wehdat SC Mohammad Al-Dawoud
0%
Iran 21 DM Al-Wahda FC Mohammad Ghorbani
0%
Iran 8 LW FC Rostov Mohammad Mohebi
0%
Saudi Arabia 26 RB Al-Qadsiah FC Mohammed Abu Al-Shamat
0%
Saudi Arabia 21 GK Al-Ula FC Mohammed Al-Owais
0%
Qatar 9 ST Al-Gharafa SC Mohammed Muntari
0%
Egypt 17 DM Pyramids FC Mohanad Lasheen
0%
Jordan 20 LB Al-Quwa Al-Jawiya Mohannad Abu Taha
0%
Czech Republic 13 ST SK Slavia Prague Mojmír Chytil
0%
Tunisia 12 LW Kasimpasa Mortadha Ben Ouanes
0%
Egypt 11 LW Pyramids FC Mostafa Ziko
0%
Saudi Arabia 24 LB Al-Hilal SFC Moteb Al-Harbi
0%
Tunisia 23 RB IFK Norrköping Moutaz Neffati
0%
Morocco 12 GK Renaissance de Berkane Munir El Kajoui
0%
Switzerland Manager Switzerland Murat Yakin
0%
Saudi Arabia 7 CM Al-Qadsiah FC Musab Al-Juwayr
0%
Iraq 25 RB Al-Shorta SC Mustafa Saadoon
0%
South Korea Manager South Korea Myung-bo Hong
0%
Egypt 18 DM Al-Najma SC Nabil Dunga
0%
Algeria 12 ST ETO FC Nadhir Benbouali
0%
New Zealand 15 CB Auckland FC Nando Pijnaker
0%
DR Congo 7 LW Montpellier HSC Nathanaël Mbuku
0%
Saudi Arabia 1 GK Al-Nassr FC Nawaf Al-Aqidi
0%
Saudi Arabia 13 RB Al-Nassr FC Nawaf Boushal
0%
Colombia Manager Argentina Néstor Lorenzo
0%
Uruguay 7 CM CR Flamengo Nicolás de la Cruz
0%
Bosnia and Herzegovina 2 CB Gaziantep FK Nihad Mujakic
0%
Bosnia and Herzegovina 18 CB FC Schalke 04 Nikola Katic
0%
Canada 23 DM HNK Hajduk Split Niko Sigur
0%
Australia 23 LW Melbourne Victory Nishan Velupillay
0%
Jordan 21 DM Qatar SC Nizar Al-Rashdan
0%
South Africa 19 CB Orlando Pirates Nkosinathi Sibisi
0%
Jordan 8 CM Selangor FC Noor Al-Rawabdeh
0%
Jordan 12 GK Al-Faisaly SC Noureddin Bani Attiah
0%
Jordan 11 LW Pyramids FC Odeh Fakhoury
0%
Uzbekistan 9 DM Tractor FC Odildzhon Khamrobekov
0%
Turkey 24 LW Fenerbahce Oğuz Aydın
0%
South Africa 24 CB Philadelphia Union Olwethu Makhanya
0%
Tunisia 4 CB NK Maribor Omar Rekik
0%
Paraguay 12 GK CA San Lorenzo de Almagro Orlando Gill
0%
Panama 22 GK Al-Fayha FC Orlando Mosquera
0%
Bosnia and Herzegovina 12 GK Slaven Belupo Koprivnica Osman Hadzikic
0%
Uzbekistan 11 LW Persepolis FC Oston Urunov
0%
South Africa 7 LW Orlando Pirates Oswin Appollis
0%
Uzbekistan 7 CM FC Baniyas Otabek Shukurov
0%
Egypt 23 GK Al Ahly FC Oufa Shobeir
0%
Algeria 16 GK USM Alger Oussama Benbout
0%
Canada 18 GK Barnsley FC Owen Goodman
0%
Ivory Coast 25 LW Royal Charleroi SC Parfait Guiagon
0%
Australia 18 GK Melbourne City FC Patrick Beach
0%
Austria 21 RW VfL Wolfsburg Patrick Wimmer
0%
Australia 12 GK Randers FC Paul Izzo
0%
Australia 24 DM Sydney FC Paul Okon-Engstler
0%
Iran 12 GK Persepolis FC Payam Niazmand
0%
Ecuador 15 AM UNAM Pumas Pedro Vite
0%
Ghana 25 ST FC Viktoria Plzen Prince Adu
0%
Tunisia 24 CB US Monastir Raed Chikhaoui
0%
Algeria 17 RB Hellas Verona Rafik Belghali
0%
Jordan 14 CM Al-Hussein SC (Irbid) Rajaei Ayed
0%
Iran 23 RB Foolad FC Ramin Rezaeian
0%
Algeria 6 DM FC Twente Enschede Ramiz Zerrouki
0%
Mexico 1 GK Deportivo Guadalajara Raúl Rangel
0%
Tunisia 18 ST Vancouver Whitecaps FC Rayan Elloumi
0%
Iraq 2 CB Port FC Rebin Sulaka
0%
Morocco 25 CB KV Mechelen Redouane Halhal
0%
South Africa 10 LW Orlando Pirates Relebohile Mofokeng
0%
South Africa 22 GK Siwelele Football Club Ricardo Goss
0%
Canada 22 RB Toronto FC Richie Laryea
0%
Curaçao 23 CB Konyaspor Riechedly Bazoer
0%
Mexico 25 RW Deportivo Guadalajara Roberto Alvarado
0%
Austria 18 AM SV Werder Bremen Romano Schmid
0%
Iran 15 DM Esteghlal FC Roozbeh Cheshmi
0%
Curaçao 4 CB RKC Waalwijk Roshon van Eijma
0%
Haiti 15 LW Almere City FC Ruben Providence
0%
Uzbekistan 5 CB Esteghlal FC Rustam Ashurmatov
0%
Tunisia 22 GK Etoile Sportive du Sahel Sabri Ben Hessen
0%
Tunisia Manager France Sabri Lamouchi
0%
Jordan 19 CB Al-Hussein SC (Irbid) Saed Al-Rosan
0%
Iran 6 DM Shabab Al-Ahli Club Saeed Ezatolahi
0%
Jordan 17 CB Al-Hussein SC (Irbid) Saleem Obaid
0%
Saudi Arabia 11 ST Al-Ittihad Club Saleh Al-Shehri
0%
Iran 2 RB Esteghlal FC Saleh Hardani
0%
Iran 14 AM Kalba FC Saman Ghoddos
0%
Turkey 25 CB Caykur Rizespor Samed Akaydin
0%
Bosnia and Herzegovina 9 ST Jagiellonia Bialystok Samed Bazdar
0%
Algeria 26 CB Paris FC Samir Chergui
0%
DR Congo 8 CM Atromitos Athens Samuel Moutoussamy
0%
South Africa 18 LB Molde FK Samukele Kabini
0%
Norway 12 GK Hamburger SV Sander Tangvik
0%
Uruguay 12 GK CF Monterrey Santiago Mele
0%
New Zealand 10 AM Wellington Phoenix Sarpreet Singh
0%
Uruguay 3 CB CF América Sebastián Cáceres
0%
DR Congo Manager France Sébastien Desabre
0%
Haiti Manager France Sébastien Migné
0%
Bosnia and Herzegovina Manager Bosnia and Herzegovina Sergej Barbarez
0%
Uruguay 1 GK Sport Club Internacional Sergio Rochet
0%
South Korea 8 CM Birmingham City Seung-ho Paik
0%
Iran 22 GK Sepahan FC Seyed Hossein Hosseini
0%
Iran 20 ST Kalba FC Shahriar Moghanlou
0%
Jordan 7 RW Raja Club Athletic Shararh
0%
Curaçao 5 LB PEC Zwolle Sherel Floranus
0%
Uzbekistan 23 CM FC Buxoro Sherzod Esanov
0%
Uzbekistan 13 LB Pakhtakor Tashkent Sherzod Nasrullaev
0%
Japan 3 CB Sint-Truidense VV Shogo Taniguchi
0%
Iran 4 CB Tractor FC Shoja Khalilzadeh
0%
Curaçao 2 RB Sparta Rotterdam Shurandy Sambo
0%
Switzerland 3 RB 1.FSV Mainz 05 Silvan Widmer
0%
DR Congo 23 ST Al-Jazira Club Simon Banza
0%
South Africa 16 GK Orlando Pirates Sipho Chaine
0%
Norway 24 CB Derby County Sondre Langås
0%
Curaçao 12 RW Middlesbrough FC Sontje Hansen
0%
Morocco 9 LW Al-Ain FC Soufiane Rahimi
0%
Czech Republic 6 CB SK Slavia Prague Stepan Chaloupek
0%
DR Congo 3 CB Widzew Lodz Steve Kapuadi
0%
Bosnia and Herzegovina 21 CB HNK Rijeka Stjepan Radeljic
0%
Cabo Verde 2 CB SC União Torreense Stopira
0%
Qatar 18 LB Al-Duhail SC Sultan Al-Brake
0%
Saudi Arabia 20 RW Al-Hilal SFC Sultan Mandash
0%
Egypt 24 RB Zed FC Tarek Alaa
0%
Qatar 24 LW Al-Duhail SC Tashin Mohammed Jamshid
0%
South Africa 4 DM Mamelodi Sundowns FC Teboho Mokoena
0%
Cabo Verde 18 RW Vitória Guimarães SC Telmo Arcanjo
0%
Australia 26 ST Machida Zelvia Tete Yengi
0%
South Africa 2 RB Polokwane City FC Thabang Matuludi
0%
South Africa 5 CM Orlando Pirates Thalente Mbatha
0%
South Africa 12 LW AEL Limassol Thapelo Maseko
0%
South Africa 11 AM Mamelodi Sundowns FC Themba Zwane
0%
DR Congo 10 RW Spartak Moscow Théo Bongonda
0%
Panama Manager Spain Thomas Christiansen
0%
DR Congo 16 GK FC Noah Yerevan Timothy Fayulu
0%
Japan 23 GK Kashima Antlers Tomoki Hayakawa
0%
Croatia 19 AM HNK Rijeka Toni Fruk
0%
Australia Manager Australia Tony Popovic
0%
Curaçao 26 GK VVV-Venlo Trevor Doornbusch
0%
South Africa 8 LW Orlando Pirates Tshepang Moremi
0%
New Zealand 4 CB Sheffield United Tyler Bindon
0%
Curaçao 13 RM SC Telstar Tyrese Noslin
0%
Curaçao 25 GK SC Telstar Tyrick Bodak
0%
Turkey 23 GK Galatasaray Uğurcan Çakır
0%
Uzbekistan 15 CB Nasaf Qarshi Umar Eshmurodov
0%
Uzbekistan 1 GK Navbahor Namangan Utkir Yusupov
0%
Sweden 12 GK Stoke City Viktor Johansson
0%
Czech Republic 8 CM FC Hradec Kralove Vladimír Darida
0%
Algeria Manager Switzerland Vladimir Petkovic
0%
Cabo Verde 1 GK GD Chaves Vozinha
0%
Cabo Verde 24 RB Trabzonspor Wagner Pina
0%
Haiti 24 RB Zulte Waregem Wilguens Paugain
0%
Colombia 18 CB CD Cruz Azul Willer Ditta
0%
Haiti 26 DM Violette Athletic Club Woodensky Pierre
0%
Tunisia 20 RB BSC Young Boys Yan Valery
0%
Egypt 2 CB Al Ahly FC Yasser Ibrahim
0%
Algeria 24 CM Royal Charleroi SC Yassine Titraoui
0%
Haiti 19 ST FC Vizela Yassin Fortuné
0%
Jordan 5 CB FC Seoul Yazan Al-Arab
0%
Jordan 1 GK Al-Hussein SC (Irbid) Yazeed Abulaila
0%
Panama 11 RW Mazatlán FC Yoel Bárcenas
0%
South Korea 22 RB Red Star Belgrade Young-woo Seol
0%
Iraq 7 LW AEK Larnaca Youssef Amyn
0%
Morocco 15 LB Al Ahly FC Youssef Belammari
0%
Qatar 15 LW Al-Wakrah SC Yusuf Abdusirag
0%
Japan 5 LB FC Tokyo Yuto Nagatomo
0%
Iraq 24 DM Al-Talaba SC Zaid Ismail
0%
Iraq 4 CB Pakhtakor Tashkent Zaid Tahseen
0%
Morocco 21 RB KRC Genk Zakaria El Ouahdi
0%
Algeria 5 CB JS Kabylie Zineddine Belaid
0%
Saudi Arabia 16 DM Al-Ahli SFC Ziyad Al-Johani
0%
No matching quizzes found
Score Distribution
Percent of People with Each Score
Percentile by Number Answered
Your Score History
You have not taken this quiz since the last reset